JAKI OWAD MOŻE UGRYŹĆ CIĘ NA ŁĄCE? - Statystyki

Ogólne statystyki
  • Ten quiz został rozwiązany 50 razy
  • Średni wynik to 5 z 7
Statystyki odpowiedzi
Odpowiedź % Poprawnych
KOMAR
93%
OSA
93%
PSZCZOŁA
91%
SZERSZEŃ
72%
MRÓWKA
63%
KLESZCZ
61%
BĄK
57%
Nie znaleziono quizów pasujących do podanych kryteriów
Rozkład punktacji
Procent ludzi z każdym wynikiem
Percentyl według liczby udzielonych odpowiedzi
Twoja historia wyników
Nie rozwiązałeś tego quizu